|
|
|
|
| LEADER |
01074pam a22003618a 4500 |
| 001 |
00033867 |
| 005 |
20171026081025.0 |
| 008 |
160128s2014 ||||||engsd |
| 020 |
# |
# |
|c 168000
|
| 041 |
0 |
# |
|a eng
|
| 082 |
1 |
4 |
|a 428
|b M400Z
|
| 100 |
1 |
# |
|a Lim, Jeongseop
|
| 245 |
1 |
0 |
|a Mozilge new TOEIC : Actual tests part 5,6
|c Lim Jeongseop
|
| 260 |
# |
# |
|a T.P. Hồ Chí Minh
|b Tổng hợp T.P. Hồ Chí Minh; Công ty TNHH Nhân Trí Việt
|c 2014
|
| 300 |
# |
# |
|a 207 tr.
|c 26 cm.
|
| 500 |
# |
# |
|a Copyright by Book21 Publishing Group, 2009-2014
|
| 653 |
# |
# |
|a Bài kiểm tra
|
| 653 |
# |
# |
|a Tiếng Anh
|
| 653 |
# |
# |
|a TOEIC
|
| 653 |
# |
# |
|a Ngôn ngữ
|
| 852 |
# |
# |
|b Kho giáo trình
|j KGT.0049671, KGT.0049675
|
| 852 |
# |
# |
|j KD.0017236
|j KGT.0049675
|j KGT.0049671
|
| 852 |
# |
# |
|b Kho đọc
|j KD.0017236
|
| 852 |
# |
# |
|b Kho mượn
|j KGT.0049671
|
| 910 |
0 |
# |
|d 28/01/2016
|
| 980 |
# |
# |
|a Trung tâm Học liệu Lê Vũ Hùng, Trường Đại học Đồng Tháp
|